Fudge-a-mania / (Record no. 313)

MARC details
000 -LEADER
fixed length control field 01217nam a22003497a 4500
001 - CONTROL NUMBER
control field 313
003 - CONTROL NUMBER IDENTIFIER
control field FISKH
005 - DATE AND TIME OF LATEST TRANSACTION
control field 20230320121734.0
008 - FIXED-LENGTH DATA ELEMENTS--GENERAL INFORMATION
fixed length control field 230320b cb ||||| |||| 00| 0 eng d
020 ## - INTERNATIONAL STANDARD BOOK NUMBER
International Standard Book Number 9780142408773
040 ## - CATALOGING SOURCE
Original cataloging agency DLC
Transcribing agency DLC
Modifying agency DLC
-- FISKH
Language of cataloging eng
042 ## - AUTHENTICATION CODE
Authentication code lcac
050 00 - LIBRARY OF CONGRESS CALL NUMBER
Classification number PZ7.B6265
Item number Fu 2007
082 00 - DEWEY DECIMAL CLASSIFICATION NUMBER
Classification number 813.54
Edition number 22
100 1# - MAIN ENTRY--PERSONAL NAME
Personal name Blume, Judy.
245 10 - TITLE STATEMENT
Title Fudge-a-mania /
Statement of responsibility, etc. Judy Blume.
260 ## - PUBLICATION, DISTRIBUTION, ETC.
Place of publication, distribution, etc. New York, N.Y.
Name of publisher, distributor, etc. Puffin Books
Date of publication, distribution, etc. 2007
300 ## - PHYSICAL DESCRIPTION
Extent 146 p. ;
Dimensions 20 cm.
505 ## - FORMATTED CONTENTS NOTE
Formatted contents note H
520 ## - SUMMARY, ETC.
Summary, etc. Peter chronicles his family's vacation in Maine highlighted by the antics of his younger brother Fudge and the presence of his sworn enemy Sheila Tubman.
521 8# - TARGET AUDIENCE NOTE
Target audience note 490 <br/>
Source Lexile
521 8# - TARGET AUDIENCE NOTE
Target audience note H<br/>
Source Raz-Plus
650 #1 - SUBJECT ADDED ENTRY--TOPICAL TERM
Topical term or geographic name entry element Vacations
Form subdivision Fiction.
650 #1 - SUBJECT ADDED ENTRY--TOPICAL TERM
Topical term or geographic name entry element Siblings
Form subdivision Fiction.
650 #1 - SUBJECT ADDED ENTRY--TOPICAL TERM
Topical term or geographic name entry element Family life
Geographic subdivision Maine
Form subdivision Fiction.
650 #1 - SUBJECT ADDED ENTRY--TOPICAL TERM
Topical term or geographic name entry element Humorous stories.
651 #1 - SUBJECT ADDED ENTRY--GEOGRAPHIC NAME
Geographic name Maine
Form subdivision Fiction.
856 42 - ELECTRONIC LOCATION AND ACCESS
Materials specified Contributor biographical information
Uniform Resource Identifier <a href="http://www.loc.gov/catdir/enhancements/fy0716/2004270848-b.html">http://www.loc.gov/catdir/enhancements/fy0716/2004270848-b.html</a>
856 42 - ELECTRONIC LOCATION AND ACCESS
Materials specified Publisher description
Uniform Resource Identifier <a href="http://www.loc.gov/catdir/enhancements/fy0716/2004270848-d.html">http://www.loc.gov/catdir/enhancements/fy0716/2004270848-d.html</a>
906 ## - LOCAL DATA ELEMENT F, LDF (RLIN)
a 7
b cbc
c origcop
d 3
e ncip
f 20
g y-gencatlg
942 ## - ADDED ENTRY ELEMENTS (KOHA)
Source of classification or shelving scheme Dewey Decimal Classification
Koha item type Books
Suppress in OPAC No
Holdings
Withdrawn status Lost status Source of classification or shelving scheme Damaged status Not for loan Collection Home library Current library Shelving location Date acquired Total Checkouts Full call number Barcode Date last seen Price effective from Koha item type
    Dewey Decimal Classification     Juvenile Fiction Footprints International School Library Network Toul Kork Campus Footprints International School Library Network Toul Kork Campus TK Primary Library Room(4th Floor), Bookcase 1&2, Shelves 1-16, Dark Blue Books 03/20/2023   BLU 813.54 PZ7.B6265 FISTK00593 03/20/2023 03/20/2023 Books